Faculty of Law Library — Cairo University

Official Online Catalog

Dictionary Of Banking : (Record no. 56084)

MARC details
000 -LEADER
fixed length control field 01008nam a2200277 i 4500
003 - CONTROL NUMBER IDENTIFIER
control field EG-GICUC
005 - DATE AND TIME OF LATEST TRANSACTION
control field 20260122133159.0
008 - FIXED-LENGTH DATA ELEMENTS--GENERAL INFORMATION
fixed length control field 260111s1926 uk ||||fre||| 00| 0 eng d
040 ## - CATALOGING SOURCE
Original cataloging agency EG-GiCUC
Language of cataloging eng
Transcribing agency EG-GiCUC
Modifying agency EG-GiCUC
Description conventions rda
082 04 - DEWEY DECIMAL CLASSIFICATION NUMBER
Edition number 21
Classification number 332.103
Item number TH . D
092 04 - LOCALLY ASSIGNED DEWEY CALL NUMBER (OCLC)
Edition number 21
099 ## - LOCAL FREE-TEXT CALL NUMBER (OCLC)
Classification number Law1 13 REF 332.103 TH . D 1926
100 1# - MAIN ENTRY--PERSONAL NAME
Personal name Thomson,William
Relator term Author.
245 10 - TITLE STATEMENT
Title Dictionary Of Banking :
Remainder of title A Concise Encyclopaedia Of Banking Law And Practice /
Statement of responsibility, etc. By William Thomson Bank Inspector ; With A Section Of The Irish Land Laws In Their Relation To Banking By Lloyd Christian
250 ## - EDITION STATEMENT
Edition statement Sixth Edition
264 ## - PRODUCTION, PUBLICATION, DISTRIBUTION, MANUFACTURE, AND COPYRIGHT NOTICE
Place of production, publication, distribution, manufacture London :
Name of producer, publisher, distributor, manufacturer Sir Isaac Pitman & Sons, Ltd,
Date of production, publication, distribution, manufacture, or copyright notice 1926.
300 ## - PHYSICAL DESCRIPTION
Extent 711 pages :
Dimensions 24 cm
336 ## - CONTENT TYPE
Source rda content
Content type term text
337 ## - MEDIA TYPE
Source rda media
Media type term Computer
338 ## - CARRIER TYPE
Source rda carrier
Carrier type term Online Resource
650 14 - SUBJECT ADDED ENTRY--TOPICAL TERM
Topical term or geographic name entry element Banks
700 1# - ADDED ENTRY--PERSONAL NAME
Personal name Christian,Lloyd
Relator term joint author.
856 40 - ELECTRONIC LOCATION AND ACCESS
Uniform Resource Identifier <a href="https://fll.law.cu.edu.eg/fulltext/bks/B13-09278.pdf">https://fll.law.cu.edu.eg/fulltext/bks/B13-09278.pdf</a>
905 ## - Cataloger and Reviser Names
Cataloger Name: Farah
942 ## - ADDED ENTRY ELEMENTS (KOHA)
Source of classification or shelving scheme Dewey Decimal Classification
Koha item type Reference
Edition 21
Suppress in OPAC No
Holdings
Withdrawn status Lost status Source of classification or shelving scheme Damaged status Not for loan Collection Home library Current library Date acquired Total checkouts Full call number Barcode Date last seen Copy number Price effective from Koha item type
    Dewey Decimal Classification   Not for loan المالية العامة والتشريع الضريبي جــــامعة القــاهرة مكتبة كلية الحقوق - المبنى الرئيسي 11.01.2026   Law1 13 REF 332.103 TH . D 1926 1309278 C1 B13-09278 11.01.2026 1 11.01.2026 Reference

© All rights reserved — Faculty of Law, Cairo University